Accounts at a glance, Mizoram (Record no. 481326)

000 -LEADER
fixed length control field 00433cam a22001217a 4500
008 - FIXED-LENGTH DATA ELEMENTS--GENERAL INFORMATION
fixed length control field 180718b-- xxu||||| |||| 00| 0 eng d
082 ## - DEWEY DECIMAL CLASSIFICATION NUMBER
Classification number L906x54114 G
245 ## - TITLE STATEMENT
Title Accounts at a glance, Mizoram
260 ## - PUBLICATION, DISTRIBUTION, ETC.
Place of publication, distribution, etc. Shillong
Name of publisher, distributor, etc. Accountant General (Accounts and Entitlements)
Date of publication, distribution, etc. --
500 ## - GENERAL NOTE
General note Library has 2003/04-2006/07
650 ## - SUBJECT ADDED ENTRY--TOPICAL TERM
Topical term or geographic name entry element Mizoram - Appropriations and expenditures
700 ## - ADDED ENTRY--PERSONAL NAME
Personal name Mizoram. Accountant General (Accounts and Entitlements)
Holdings
Withdrawn status Lost status Damaged status Not for loan Permanent Location Current Location Date acquired Full call number Barcode Date last seen Price effective from Koha item type
        Indian Institute of Public Administration Indian Institute of Public Administration 2018-08-04 L906x54114 G GG29198 2018-08-04 2018-08-04 GG
        Indian Institute of Public Administration Indian Institute of Public Administration 2018-08-04 L906x54114 G GG28861 2018-08-04 2018-08-04 GG
        Indian Institute of Public Administration Indian Institute of Public Administration 2018-08-04 L906x54114 G GG28307 2018-08-04 2018-08-04 GG
        Indian Institute of Public Administration Indian Institute of Public Administration 2018-08-04 L906x54114 G GG27434 2018-08-04 2018-08-04 GG

Powered by Koha